00651nam a2200181Ia 4500008004100000020001800041041000800059082001600067100002700083245010400110250000600214260004400220300001300264650002100277700002700298999001900325952012500344210716s2007 xx 000 0 und d a9788131406144 aeng a338.04 MURG aMurthy, Garimella G K. aFinancing of small and medium enterprises: indian and global scenario.bIndian and global scenario. a1 aHyderabadbICFAI University Pressc2007 axii,217, aEntrepreneurship aMurthy, Garimella G K. c202347d202347 001040708MBAaAIMITbAIMITd2008-03-03g425.00l0o338.04 MURGpMBA04913r2026-05-23 00:00:00v212.50w2021-07-16yBK